000 00508nam a2200181Ia 4500
999 _c28052
_d28052
003 OSt
005 20201127135349.0
008 190216s9999||||xx |||||||||||||| ||und||
020 _a8177050141
040 _coclc
082 _a894.8123
_bKOV/T
100 _aKovilan
_95743
245 0 _aTharavadu-Boardout /
_cKovilan
260 _bPrabhatham Book House,
_c1999.
_aTrivandrum:
300 _a120p
650 _aMalayalam Novel
942 _cBK
_2ddc
_h894.8123
_iKOV/T
_k894.8123
_mKOV/T